000 00780nas a2200277 4500
001 BR9104292
003 BR-BrBNA
005 20231205092154.0
007 ta
008 230509b bl.|||p| |||| 00| 00por d
040 _aBR-BrBNA
_bpor
_cBiblioteca Nacional de Agricultura
041 _a(Pt)
072 _aF01; E16; E71
100 1 _aLessi, R.A.
245 1 _aCafe: resolvendo dois serios problemas
650 _aCAFE
650 _aPRATICA CULTURAL
650 _aLAVOURA
650 _aEXPLORACAO AGRICOLA
650 _aEXPORTACAO
650 _aESTATISTICA DE PRODUCAO
650 _aPRODUTIVIDADE
773 0 _tCorreio Agricola (Brazil)
_xISSN 0100-3909
_g(Aug-Dec 1991), no. 2 p. 2-5
_wBR9104292
909 _a202311
_bLúcia
_c55
_dLúcia Elande
942 _2AGRIS
_n0
_cANA
999 _c129845
_d129845